000 00321 a2200145 4500
001 155697
040 _cEscola São Tomás de Aquino
100 _aREGO, José Lins
240 1 0 _aJosé Lins do Rêgo
_lpor
245 1 0 _aJosé Lins do Rêgo
300 _a106
362 0 _a1982
697 _aGENERALIDADES
942 _cBK
999 _c155697
_d155697